Catálogo público

La homeopatía y la ciencia : (Record no. 219781)

MARC details
000 -CABECERA
campo de control de longitud fija 01034nam a2200277 a 4500
003 - IDENTIFICADOR DEL NÚMERO DE CONTROL
campo de control OSt
005 - FECHA Y HORA DE LA ÚLTIMA TRANSACCIÓN
campo de control 20240305142130.0
008 - DATOS DE LONGITUD FIJA--INFORMACIÓN GENERAL
campo de control de longitud fija 240305s2017 mx a|||| |||| 001 0 spa d
040 ## - FUENTE DE LA CATALOGACIÓN
Centro/agencia transcriptor CHAP
090 ## - LOCALMENTE ASIGNADO TIPO-LC NÚMERO DE CLASIFICACIÓN (OCLC); NÚMERO DE CLASIFICACIÓN LOCAL (RLIN)
Número de clasificación (OCLC) (R) ; Numero de clasificación, CALL (RLIN) (NR) CD-517
111 20 - ENTRADA PRINCIPAL--NOMBRE DE CONGRESO/REUNIÓN
9 (RLIN) 188871
Nombre de congreso/reunión o jurisdicción como elemento de entrada Foro Interinstitucional la Homeopatía y la Ciencia
Número del congreso/reunión o número de parte o sección (13 :
Fecha del congreso/reunión 2017:
Sede del congreso/Lugar de la reunión Chapingo, México)
245 13 - MENCIÓN DE TÍTULO
Título La homeopatía y la ciencia :
Resto del título resultados y avances de investigación /
Mención de responsabilidad, etc. coordinado por Felipe de Jesús Ruiz Espinoza ...[ y otros tres ].
264 #1 - PRODUCCIÓN, PUBLICACIÓN, DISTRIBUCIÓN, FABRICACIÓN Y COPYRIGHT
Producción, publicación, distribución, fabricación y copyright Chapingo, Méx. :
Nombre del de productor, editor, distribuidor, fabricante Universidad Autónoma Chapingo,
Fecha de producción, publicación, distribución, fabricación o copyright 2017.
300 ## - DESCRIPCIÓN FÍSICA
Extensión 145 páginas.
Otras características físicas gráficas, imagenes.
504 ## - NOTA DE BIBLIOGRAFÍA, ETC.
Nota de bibliografía, etc. Incluye bibliografía.
650 #4 - PUNTO DE ACCESO ADICIONAL DE MATERIA--TÉRMINO DE MATERIA
9 (RLIN) 73914
Término de materia o nombre geográfico como elemento de entrada Medicina alternativa
650 #4 - PUNTO DE ACCESO ADICIONAL DE MATERIA--TÉRMINO DE MATERIA
9 (RLIN) 145936
Término de materia o nombre geográfico como elemento de entrada Homeopatía
Subdivisión general Investigación
-- Congresos
650 #4 - PUNTO DE ACCESO ADICIONAL DE MATERIA--TÉRMINO DE MATERIA
9 (RLIN) 145935
Término de materia o nombre geográfico como elemento de entrada Agrohomeopatía
650 #4 - PUNTO DE ACCESO ADICIONAL DE MATERIA--TÉRMINO DE MATERIA
9 (RLIN) 56058
Término de materia o nombre geográfico como elemento de entrada Homeopatía en medicina veterinaria
650 #0 - PUNTO DE ACCESO ADICIONAL DE MATERIA--TÉRMINO DE MATERIA
9 (RLIN) 143160
Término de materia o nombre geográfico como elemento de entrada Botánica
Subdivisión general Médica
700 0# - PUNTO DE ACCESO ADICIONAL--NOMBRE DE PERSONA
9 (RLIN) 100666
Nombre de persona Ruiz Espinoza, Felipe de Jesús
Término indicativo de función/relación Coordinador.
942 ## - ELEMENTOS DE PUNTO DE ACCESO ADICIONAL (KOHA)
Fuente del sistema de clasificación o colocación Clasificación Universidad Autónoma de Chapingo
942 ## - ELEMENTOS DE PUNTO DE ACCESO ADICIONAL (KOHA)
Fuente del sistema de clasificación o colocación Dewey Decimal Classification
942 ## - ELEMENTOS DE PUNTO DE ACCESO ADICIONAL (KOHA)
Fuente del sistema de clasificación o colocación Dewey Decimal Classification
942 ## - ELEMENTOS DE PUNTO DE ACCESO ADICIONAL (KOHA)
Tipo de ítem Koha CD
Holdings
Estado de retiro Estado de pérdida Fuente del sistema de clasificación o colocación Estado dañado Restricciones de uso No para préstamo Código de colección Localización permanente Ubicación/localización actual Ubicación en estantería Fecha de adquisición Total de préstamos Signatura topográfica completa Código de barras Fecha visto por última vez Precio válido a partir de Tipo de ítem Koha Número de copia
    Clasificación Universidad Autónoma de Chapingo   Préstamo interno   Material multimedia Biblioteca Central Biblioteca Central Planta Principal - Área de préstamo - Mat. Multimedia 05/03/2024   CD-517 33724002584728 05/03/2024 05/03/2024 CD  
    Clasificación Universidad Autónoma de Chapingo   Préstamo interno   Material multimedia Biblioteca Central Biblioteca Central Planta Principal - Área de préstamo - Mat. Multimedia 05/03/2024   CD-517 337724002584767 05/03/2024 05/03/2024 CD c.2
    Clasificación Universidad Autónoma de Chapingo   Préstamo interno   Material multimedia Biblioteca Central Biblioteca Central Planta Principal - Área de préstamo - Mat. Multimedia 05/03/2024   CD-517 33724002584689 05/03/2024 05/03/2024 CD c.3